| 000 | 00978nam a2200313 a 4500 | ||
|---|---|---|---|
| 001 | 41192 | ||
| 003 | BD-RjUL | ||
| 005 | 20211209053338.0 | ||
| 008 | 160517s1970 ilu b 001 0 eng | ||
| 020 | _a0226500470 | ||
| 020 | _a0226500480 | ||
| 035 | _a(BD-RjUL) 41308 | ||
| 040 |
_aDLC _cDLC _dDLC _d(BD-RjUL) _beng |
||
| 041 | _aeng | ||
| 082 | 0 | 0 |
_a301 _223 _bMAO 1970 |
| 100 | 1 |
_aMacIver, Robert M. _q(Robert Morrison), _d1882-1970. _9125454 |
|
| 245 | 1 | 0 |
_aOn community, society, and power / _cRobert M. MacIver ; edited by Leon Bramson |
| 260 |
_aChicago : _bUniversity of Chicago Press, _c1970 |
||
| 300 |
_avii, 319 p. ; _c21 cm. |
||
| 490 | 0 | _aThe Heritage of sociology | |
| 500 | _aIncludes index | ||
| 504 | _aBibliography: p. 309-316. | ||
| 650 | 0 |
_aSociology. _9126723 |
|
| 650 | 0 |
_aCommunities. _9121102 |
|
| 650 | 0 |
_aPower (Social sciences) _9126724 |
|
| 700 |
_aBramson, Leon _9126725 |
||
| 830 |
_aThe Heritage of sociology _9171892 |
||
| 942 |
_2ddc _cBK |
||
| 999 |
_c41192 _d41192 |
||